Culture Générale - Série 339 - Statistiques

Statistiques générales
  • Ce quiz a été pris 300 fois
  • Le résultat moyen est 6 sur 10
Statistiques - réponses
Question Réponse % Correct
Sur quel pays l'empereur Akihito règne-t-il actuellement ? Le Japon
94%
Dans les années 1980, quel appareil était associé au 3614 et au 3615 ? Le Minitel
84%
De quel chanteur Françoise Dolto était-elle la mère ? Carlos
79%
Quelle est, en France, la durée du mandat d'un conseiller régional ? 6 ans
74%
Comment appelle-t-on les habitants de Tours ? Les Tourangeaux
66%
Quel personnage des "Misérables" est le frère biologique d'Eponine ? Gavroche
57%
Qui joue le rôle d'Eddie Vuibert dans "La vérité si je mens !" (1et 2) ? Richard Anconina
43%
A bord de quel véhicule êtes-vous si vous êtes sur un brise-glace ? Un navire
40%
Quelle actrice est l'épouse du prince Emmanuel-Philibert de Savoie ? Clotilde Courau
33%
Comment est la mer dans le titre d'un sketch de Raymond Devos en 1956 ? Démontée
25%
Aucun quiz correspondant
Distribution des résultats
% des personnes avec chaque résultat
Percentile par nombre de réponses
Votre historique - résultats
Vous n’avez pas pris ce quiz